| 000 | 00822nam a2200241 a 4500 | ||
|---|---|---|---|
| 001 | 000022082 | ||
| 005 | 20200930011556.0 | ||
| 008 | 100916s1988 mx a 000 0 spa d | ||
| 040 |
_aDO-SdBNP _bspa _cBNPHU |
||
| 041 | 1 | 7 |
_aspa _heng _2Código de idiomas MARC |
| 082 |
_a927.5946 _bP586W |
||
| 100 | 1 |
_aWiegand, Wilfried. _945748 |
|
| 240 | 1 | 0 |
_aPablo Picasso. _lEspañol |
| 245 | 1 | 0 |
_aPablo Picasso / _cWilfried Wigand ; traducción Silvia Angrill Ribas. |
| 260 |
_aBarcelona : _bPlaza & Janes, _c1988. |
||
| 300 |
_a230, [10] p. : _bil. ; _c18 cm. |
||
| 504 | _aBibliografía : p. 230-[231]. | ||
| 534 |
_aTítulo original : _tPablo Picasso |
||
| 600 | 4 |
_aPICASSO, PABLO RUIZ, _d1881-1973 _945749 |
|
| 650 | 4 |
_aPintores españoles _xBiografías _945750 |
|
| 700 | 1 |
_aAngrill Ribas, Silvia, _etr. _945751 |
|
| 049 | _aBNGR | ||
| 999 |
_c21580 _d21580 |
||